MARC

LEADER 00000nam0a2200000 4500
001 675238
005 20241008095242.0
090 |a 675238 
100 |a 20241008d1979 km|y0rusy50 ca 
101 0 |a rus 
102 |a RU 
105 |a a z 001yy 
181 0 |a i   |b  e  
182 0 |a n 
183 0 |a nc  |2 RDAcarrier 
200 1 |a Алмазные россыпи и методика их прогнозирования и поисков  |f Б. И. Прокопчук 
203 |a Текст  |b визуальный  |c непосредственный 
210 |a Москва  |c Недра  |d 1979 
215 |a 248 с.  |c ил. 
283 |a volume  |2 RDAcarrier 
320 |a Список литературы: с. 237-245 
320 |a Указатель алмазных формаций и россыпных месторождений: с. 246 
606 1 |a Алмазные месторождения, россыпные  |9 30491 
610 1 |a типы 
610 1 |a древние платформы 
610 1 |a формирование 
610 1 |a размещение 
610 1 |a контролирующие факторы 
610 1 |a зональность 
610 1 |a прогнозирование 
610 1 |a методы 
610 1 |a поиски 
610 1 |a особенности 
610 1 |a поисковые работы 
675 |a 553.81  |v 4 
700 1 |a Прокопчук  |b Б. И.  |g Богдан Иванович 
801 0 |a RU  |b 63413507  |c 20241008 
830 |a Ретро2024Каталогизация Шило 
850 |a 63413507 
942 |c BK